000
00286nam a22001097a 4500
008
160613b xxu||||| |||| 00| 0 eng d
020
_a
9780781744652
041
_a
eng
080
_a
618.2
245
_a
Medical surgical nursing recall;
_c
Tamara H. Bickston RN, BSN< CCTC;
942
_2
udc
_c
BK
999
_c
2463
_d
2463